Central Library OPAC University of Rajshahi

Thailand : (Record no. 27294)

MARC details
000 -LEADER
fixed length control field 00762nam a22002412a 4500
001 - CONTROL NUMBER
control field 27294
003 - CONTROL NUMBER IDENTIFIER
rucl marc code BD-RjUL
005 - DATE AND TIME OF LATEST TRANSACTION
control field 20211209051133.0
008 - FIXED-LENGTH DATA ELEMENTS--GENERAL INFORMATION
fixed length control field 140324s1959 njua b 000 0 eng d
035 ## - SYSTEM CONTROL NUMBER
System control number (BD-RjUL)27366
040 ## - CATALOGING SOURCE
Original cataloging agency DLC
Transcribing agency WSU
Modifying agency SER
-- UKM
-- BD-RjUL
Language of cataloging eng
041 ## - LANGUAGE CODE
Language code of text/sound track or separate title eng
082 ## - DEWEY DECIMAL CLASSIFICATION NUMBER
Classification number 915.93
Author mark and year BUT 1964
100 1# - MAIN ENTRY--PERSONAL NAME
Personal name Busch, Noel F.
Fuller form of name (Noel Fairchild),
Dates associated with a name 1906-1985
9 (RLIN) 83796
245 10 - TITLE STATEMENT
Title Thailand :
Remainder of title an introduction to modern Siam /
Statement of responsibility, etc. Drawings by Alan Thielker. Map by Dorothy de Fontaine
260 ## - PUBLICATION, DISTRIBUTION, ETC. (IMPRINT)
Place of publication, distribution, etc. Princeton, N.J :
Name of publisher, distributor, etc. Van Nostrand,
Date of publication, distribution, etc. 1959 [Printed 1964]
300 ## - PHYSICAL DESCRIPTION
Pagination 166 p. :
Illustrations illus. ;
Size 22 cm
504 ## - BIBLIOGRAPHY, ETC. NOTE
Bibliography, etc Includes bibliography
651 #0 - SUBJECT ADDED ENTRY--GEOGRAPHIC NAME
Geographic name Thailand
9 (RLIN) 83797
830 #0 - SERIES ADDED ENTRY--UNIFORM TITLE
Uniform title Asia library
942 ## - ADDED ENTRY ELEMENTS (KOHA)
Source of classification or shelving scheme Dewey Decimal Classification
Koha item type Books
Holdings
Lost status Source of classification or shelving scheme Damaged status Not for loan Collection code Permanent Location Current Location Shelving location Date acquired Source of acquisition Cost, normal purchase price Total Checkouts Full call number Date last seen Copy number Koha item type
  Dewey Decimal Classification     Non-fiction Central Library, University of Rajshahi Central Library, University of Rajshahi   02/03/1970 switch and zethinger 44.00   915.93 BUT 1964 24/03/2014 C-2 Books
  Dewey Decimal Classification   Not For Loan Non-fiction Central Library, University of Rajshahi Central Library, University of Rajshahi Reading Room 30/05/1966 Mirza Book agency 13.75   915.93 BUT 1964 15/02/2017 C-1 Books